00519nam a22001697a 450000500170000001000130001702000260003003500120005603700130006808200070008110000340008824500500012224600390017226000530021127000590026430000260032320230822162907.0 aUR-12159 a9789394616769c250.00 aU-10714 bDBAD/PUB aک dاستھا نوی ، شکیل aذکر حیات /cشکیل استھا نوی aZikre Hayat /bby Shakil Asthanwi  aNew DelhibEducational Publishing Housec2022 ء aH.O. D1/16, Ansari Road, Darya GanjbNew Delhie110002 a188 صc23cm(Hb)